When Did They Live? #7 - Statistics

General Stats
  • This quiz has been taken 89 times
  • The average score is 7 of 10
Answer Stats
Name Description Answer % Correct
Charles Lindbergh Aviator 1902–1974
95%
Douglas MacArthur General 1880–1964
90%
Claude Monet Painter 1840–1926
85%
Johannes Gutenberg Inventor 1393–1468 (*)
77%
Robert Louis Stevenson Writer 1850–1894
77%
Simón Bolívar Liberator 1783–1830
76%
Peter the Great Tsar 1672–1725
75%
Robert Walpole Prime Minister 1676–1745
67%
Saladin Sultan 1137–1193
50%
Sun Tzu General 544–496 BC
24%
No matching quizzes found
Score Distribution
Percent of People with Each Score
Percentile by Number Answered
Your Score History
You have not taken this quiz